ბათუმის შოთა რუსთაველის სახელმწიფო უნივერსიტეტის ბიბლიოთეკა

Основы теории чисел (ბიბ.ჩანაწერი № 48185)

000 -LEADER
fixed length control field 00653nam a2200217Ia 4500
001 - CONTROL NUMBER
control field 15067
003 - CONTROL NUMBER IDENTIFIER
control field GE_BSU
008 - FIXED-LENGTH DATA ELEMENTS--GENERAL INFORMATION
fixed length control field 181216s||||||||xx |||||||||||||| ||und||
040 ## - CATALOGING SOURCE
Transcribing agency GE_BSU
080 ## - UNIVERSAL DECIMAL CLASSIFICATION NUMBER
Universal Decimal Classification number 511
100 ## - MAIN ENTRY--PERSONAL NAME
Personal name Вейль,Андре
245 ## - TITLE STATEMENT
Title Основы теории чисел
245 ## - TITLE STATEMENT
Statement of responsibility, etc. Под.ред.И.И.Пятецкого-Шапиро. Пер. с англ. Л.Н.Вассерштейна и А.Н.Паршина
260 ## - PUBLICATION, DISTRIBUTION, ETC.
Place of publication, distribution, etc. Москва
260 ## - PUBLICATION, DISTRIBUTION, ETC.
Name of publisher, distributor, etc. Мир
260 ## - PUBLICATION, DISTRIBUTION, ETC.
Date of publication, distribution, etc. 1972
300 ## - PHYSICAL DESCRIPTION
Extent 408стр.22см.
300 ## - PHYSICAL DESCRIPTION
Accompanying material Указатель стр.403-405
653 ## - INDEX TERM--UNCONTROLLED
Uncontrolled term Основы теории чисел
942 ## - ADDED ENTRY ELEMENTS (KOHA)
Koha item type წიგნი
ეგზემპლარები
Withdrawn status Lost status Damaged status Not for loan Date acquired Barcode Date last seen Price effective from Koha item type
        2018-12-17 15248 2018-12-17 2018-12-17 წიგნი
        2018-12-17 16833 2018-12-17 2018-12-17 წიგნი